<?xml version="1.0" encoding="UTF-8"?><?xml-stylesheet type="text/xsl" href="static/style.xsl"?><OAI-PMH xmlns="http://www.openarchives.org/OAI/2.0/" xmlns:xsi="http://www.w3.org/2001/XMLSchema-instance" xsi:schemaLocation="http://www.openarchives.org/OAI/2.0/ http://www.openarchives.org/OAI/2.0/OAI-PMH.xsd"><responseDate>2026-04-17T07:53:54Z</responseDate><request verb="GetRecord" identifier="oai:www.recercat.cat:2117/395309" metadataPrefix="marc">https://recercat.cat/oai/request</request><GetRecord><record><header><identifier>oai:recercat.cat:2117/395309</identifier><datestamp>2026-02-02T10:08:33Z</datestamp><setSpec>com_2072_1033</setSpec><setSpec>col_2072_452950</setSpec></header><metadata><record xmlns="http://www.loc.gov/MARC21/slim" xmlns:dcterms="http://purl.org/dc/terms/" xmlns:xsi="http://www.w3.org/2001/XMLSchema-instance" xmlns:doc="http://www.lyncode.com/xoai" xsi:schemaLocation="http://www.loc.gov/MARC21/slim http://www.loc.gov/standards/marcxml/schema/MARC21slim.xsd">
   <leader>00925njm 22002777a 4500</leader>
   <datafield ind2=" " ind1=" " tag="042">
      <subfield code="a">dc</subfield>
   </datafield>
   <datafield ind2=" " ind1=" " tag="720">
      <subfield code="a">Boix Cots, David</subfield>
      <subfield code="e">author</subfield>
   </datafield>
   <datafield ind2=" " ind1=" " tag="720">
      <subfield code="a">Pardo Bosch, Francesc</subfield>
      <subfield code="e">author</subfield>
   </datafield>
   <datafield ind2=" " ind1=" " tag="720">
      <subfield code="a">Pujadas Álvarez, Pablo</subfield>
      <subfield code="e">author</subfield>
   </datafield>
   <datafield ind2=" " ind1=" " tag="260">
      <subfield code="c">2023-09</subfield>
   </datafield>
   <datafield ind2=" " ind1=" " tag="520">
      <subfield code="a">Infrastructure plays a pivotal role in a nation’s economic and societal progress. However, due to the substantial expenses and the constraints of a limited government budget, the need to assess the condition of each infrastructure and identify those requiring utmost attention has become imperative. To address the challenge of assessing and prioritizing infrastructure, national civil engineering associations have developed infrastructure report cards (IRCs) following diverse methodologies. The objective of this paper is to present and compare the existing IRCs, analysing their key characteristics and comparing them through the developed comparison guidelines. The findings offer valuable insights into IRCs, encompassing general knowledge, diverse practices, and areas for improvement. Furthermore, it provides guidance to civil engineering associations in nations lacking an infrastructure report card, as well as to governments and national infrastructure planners. Recommendations highlight the importance of government collaboration without direct control, transparent methodology explanations, and accessible results presentation. Enhancing IRCs based on these recommendations can facilitate structured, rational, realistic, and sustainability-based decision making. The study acknowledges limitations, including the challenge of assessing IRCs’ real impact and the limited dataset. Despite these limitations, this paper provides a crucial step toward improving IRCs and fostering informed infrastructure decisions.</subfield>
   </datafield>
   <datafield ind2=" " ind1=" " tag="520">
      <subfield code="a">This research was funded by the Spanish Ministry of Universities [grant number FPU18/01471] and AGAUR through its research group support program [2021SGR00341].</subfield>
   </datafield>
   <datafield ind2=" " ind1=" " tag="520">
      <subfield code="a">Peer Reviewed</subfield>
   </datafield>
   <datafield ind2=" " ind1=" " tag="520">
      <subfield code="a">Objectius de Desenvolupament Sostenible::9 - Indústria, Innovació i Infraestructura::9.4 - Per a 2030, modernitzar les infraestructures i reconvertir les indústries perquè siguin sostenibles, usant els recursos amb més eficàcia i promovent l’adopció de tecnologies i processos industrials nets i racionals ambiental­ment, i aconseguint que tots els països adoptin mesures d’acord amb les capacitats respectives</subfield>
   </datafield>
   <datafield ind2=" " ind1=" " tag="520">
      <subfield code="a">Objectius de Desenvolupament Sostenible::11 - Ciutats i Comunitats Sostenibles</subfield>
   </datafield>
   <datafield ind2=" " ind1=" " tag="520">
      <subfield code="a">Objectius de Desenvolupament Sostenible::11 - Ciutats i Comunitats Sostenibles::11.3 - Per a 2030, augmentar la urbanització inclusiva i sostenible, així com la capacitat de planificar i gestionar de manera participativa, integrada i sostenible els assentaments humans a tots els països</subfield>
   </datafield>
   <datafield ind2=" " ind1=" " tag="520">
      <subfield code="a">Objectius de Desenvolupament Sostenible::11 - Ciutats i Comunitats Sostenibles::11.c - Proporcionar suport als països menys avançats, incloent una assistència financera i tècnica, perquè puguin construir edificis sostenibles i resilients utilitzant materials locals</subfield>
   </datafield>
   <datafield ind2=" " ind1=" " tag="520">
      <subfield code="a">Objectius de Desenvolupament Sostenible::13 - Acció per al Clima</subfield>
   </datafield>
   <datafield ind2=" " ind1=" " tag="520">
      <subfield code="a">Objectius de Desenvolupament Sostenible::9 - Indústria, Innovació i Infraestructura::9.1 - Desenvolupar infraestructures fiables, sostenibles, resilients i de qualitat, incloent infraestructures regionals i transfrontereres, per tal de donar suport al desenvolupament econòmic i al benestar humà, amb especial atenció a l’accés assequible i equitatiu per a totes les persones</subfield>
   </datafield>
   <datafield ind2=" " ind1=" " tag="520">
      <subfield code="a">Objectius de Desenvolupament Sostenible::9 - Indústria, Innovació i Infraestructura</subfield>
   </datafield>
   <datafield ind2=" " ind1=" " tag="520">
      <subfield code="a">Postprint (published version)</subfield>
   </datafield>
   <datafield tag="653" ind2=" " ind1=" ">
      <subfield code="a">Àrees temàtiques de la UPC::Enginyeria civil</subfield>
   </datafield>
   <datafield tag="653" ind2=" " ind1=" ">
      <subfield code="a">Infrastructure (Economics)</subfield>
   </datafield>
   <datafield tag="653" ind2=" " ind1=" ">
      <subfield code="a">Infrastructure report card</subfield>
   </datafield>
   <datafield tag="653" ind2=" " ind1=" ">
      <subfield code="a">Infrastructure assessment</subfield>
   </datafield>
   <datafield tag="653" ind2=" " ind1=" ">
      <subfield code="a">Sustainable development</subfield>
   </datafield>
   <datafield tag="653" ind2=" " ind1=" ">
      <subfield code="a">Government accountability</subfield>
   </datafield>
   <datafield tag="653" ind2=" " ind1=" ">
      <subfield code="a">Infraestructura (Economia)</subfield>
   </datafield>
   <datafield ind2="0" ind1="0" tag="245">
      <subfield code="a">Analysis and comparison of the infrastructure report cards as a decision making tool for sustainable development</subfield>
   </datafield>
</record></metadata></record></GetRecord></OAI-PMH>